Revista de democracia/
Guardat en:
| Autor corporatiu: | |
|---|---|
| Format: | Llibre |
| Idioma: | Spanish |
| Publicat: |
Washigton D.C.:
National Endowment for Democracy
|
| Matèries: | |
| Etiquetes: |
Afegir etiqueta
Sense etiquetes, Sigues el primer a etiquetar aquest registre!
|
MARC
| LEADER | 00000nam a22000007a 4500 | ||
|---|---|---|---|
| 003 | cru CIDCACS/IIS | ||
| 005 | 20200806094148.0 | ||
| 008 | 200806n wau|||p|r||||||0| ||spa|d | ||
| 999 | |c 43289 |d 43289 | ||
| 022 | |a 10455736 | ||
| 040 | |c cru CIDCACS/IIS | ||
| 090 | |a REV0868 | ||
| 110 | 2 | |9 9493 |a National Endowment for Democracy | |
| 245 | 1 | |a Revista de democracia/ |c National Endowment for Democracy | |
| 260 | |a Washigton D.C.: |b National Endowment for Democracy | ||
| 270 | |a 1101 15 th Street N.W Suite 200 | ||
| 500 | |a EXISTENCIAS : 1990 1 (3) | ||
| 650 | 0 | |9 83 |a DEMOCRACIA | |
| 650 | 0 | |9 2520 |a CRISIS | |
| 650 | 0 | |9 306 |a ELECCIONES | |
| 650 | 0 | |9 137 |a REVOLUCION | |
| 650 | 0 | |9 236 |a MARXISMO | |
| 651 | 0 | |9 1861 |a NICARAGUA | |
| 942 | |2 ddc |c PP | ||
